[Event "IECG CP.2008.P.00021 email"]
[Site "IECG email"]
[Date "2008.10.01"]
[Round "?"]
[White "Peli, Giora"]
[Black "Sapru, Aniruddha"]
[Result "1-0"]
[WhiteElo "2339"]
[BlackElo "1033"]
[PlyCount "35"]
[EventDate "2008.10.01"]
[EventType "tourn (corr)"]
[EventRounds "6"]
[EventCountry "ARG"]
[SourceTitle "Corr 2024"]
[Source "ChessBase"]
[SourceDate "2023.10.19"]
[SourceVersion "1"]
[SourceVersionDate "2023.10.19"]
[SourceQuality "1"]

1. e4 e5 2. f4 exf4 3. Nf3 Nc6 4. Nc3 Nf6 5. Bc4 Bb4 6. Nd5 Bc5 7. d4 Na5 8. dxc5 Nxc4 9. Qd4 c6 10. Nxf6+ Qxf6 11. Qxc4 0-0 12. e5 Re8 13. 0-0 Qe6 14. Qxf4 Qd5 15. Be3 Qc4 16. Qxc4 d5 17. cxd6 Be6 18. Qh4 1-0

[Event "IECG CP.2007.P.00064 email"]
[Site "IECG email"]
[Date "2007.10.01"]
[Round "?"]
[White "Altea, Eduardo"]
[Black "Sapru, Aniruddha"]
[Result "0-1"]
[WhiteElo "1522"]
[BlackElo "800"]
[PlyCount "56"]
[EventDate "2007.10.01"]
[EventType "tourn (corr)"]
[EventRounds "6"]
[SourceTitle "Corr 2024"]
[Source "ChessBase"]
[SourceDate "2023.10.19"]
[SourceVersion "1"]
[SourceVersionDate "2023.10.19"]
[SourceQuality "1"]

1. e4 e5 2. Nf3 Nc6 3. Bb5 Bc5 4. c3 Nf6 5. d4 Bb6 6. Nxe5 Nxe5 7. dxe5 Nxe4 8. Qg4 Nxf2 9. Qxg7 Qh4 10. Qxh8+ Ke7 11. Rf1 Nd3+ 12. Kd2 Nf2 13. Kc2 a6 14. Bc4 Qe4+ 15. Kb3 d5 16. exd6+ cxd6 17. Bg5+ Kd7 18. Bxf7 a5 19. a4 Kc6 20. Be8+ Kc5 21. Ka3 Be6 22. Rc1 Bd8 23. Bh5 Bxg5 24. Qxa8 b6 25. Qe8 Qc4 26. b4+ Kd5 27. Bf3+ Ne4 28. Nd2 Bxd2 0-1

[Event "IECG CP.2007.P.00064 email"]
[Site "IECG email"]
[Date "2007.10.01"]
[Round "?"]
[White "Sapru, Aniruddha"]
[Black "Bogustov, Andrei"]
[Result "0-1"]
[WhiteElo "800"]
[BlackElo "1963"]
[PlyCount "72"]
[EventDate "2007.10.01"]
[EventType "tourn (corr)"]
[EventRounds "6"]
[SourceTitle "Corr 2024"]
[Source "ChessBase"]
[SourceDate "2023.10.19"]
[SourceVersion "1"]
[SourceVersionDate "2023.10.19"]
[SourceQuality "1"]

1. e4 d6 2. d4 Nf6 3. Nc3 g6 4. Bc4 Bg7 5. Nf3 0-0 6. 0-0 Nxe4 7. Nxe4 d5 8. Qd3 Nc6 9. Bxd5 Qxd5 10. Rd1 Bf5 11. Nc3 Bxd3 12. Nxd5 Be2 13. Rd2 Bxf3 14. gxf3 Rad8 15. Nxc7 Nxd4 16. Kg2 Be5 17. c3 Bxh2 18. Rxd4 Bxc7 19. Rb4 b6 20. Bh6 Rfe8 21. Rc4 Rd7 22. a4 e6 23. Rc6 Red8 24. Bg5 Ra8 25. Bh6 Rb8 26. Re1 Rb7 27. Rc4 Rd8 28. b4 Rd5 29. Rc6 Bd8 30. c4 Rdd7 31. c5 bxc5 32. bxc5 Rbc7 33. Rd6 Rxd6 34. cxd6 Rd7 35. Rd1 f6 36. Be3 Kf7 0-1

[Event "IECG TE.2005.P.01923"]
[Site "IECG email"]
[Date "2005.06.19"]
[Round "?"]
[White "Law, Stephen"]
[Black "Sapru, Aniruddha"]
[Result "1-0"]
[WhiteElo "1821"]
[BlackElo "800"]
[PlyCount "63"]
[EventDate "2005.05.19"]
[EventType "tourn (corr)"]
[EventRounds "8"]
[SourceTitle "Corr 2008"]
[Source "ChessBase"]
[SourceDate "2008.06.24"]
[SourceVersion "1"]
[SourceVersionDate "2008.06.24"]
[SourceQuality "1"]

1. d4 d5 2. e4 dxe4 3. Nc3 Nf6 4. f3 Bf5 5. g4 Bg6 6. g5 Nd5 7. Nxe4 e6 8. c4 Bxe4 9. fxe4 Bb4+ 10. Kf2 Nb6 11. Be3 0-0 12. c5 N6d7 13. a3 Ba5 14. b4 Bxb4 15. axb4 f6 16. g6 hxg6 17. Bc4 Qe7 18. d5 Ne5 19. Bb3 Rd8 20. Nh3 Nbc6 21. Nf4 f5 22. h4 Nxb4 23. Nxe6 Ng4+ 24. Ke2 Nxe3 25. Kxe3 Rd7 26. Qd4 Qxe6 27. Qxb4 Qe5 28. Raf1 a5 29. Qc4 Rf8 30. Rf4 Kh7 31. Qd4 Qxd4+ 32. Kxd4 1-0

[Event "IECG TE.2005.P.01923"]
[Site "IECG email"]
[Date "2005.06.19"]
[Round "?"]
[White "Sapru, Aniruddha"]
[Black "Le Corre, Alexandre"]
[Result "1-0"]
[WhiteElo "800"]
[BlackElo "1502"]
[PlyCount "23"]
[EventDate "2005.05.19"]
[EventType "tourn (corr)"]
[EventRounds "8"]
[SourceTitle "Corr 2024"]
[Source "ChessBase"]
[SourceDate "2023.10.19"]
[SourceVersion "1"]
[SourceVersionDate "2023.10.19"]
[SourceQuality "1"]

1. d4 d5 2. e4 dxe4 3. Nc3 e5 4. dxe5 Qxd1+ 5. Nxd1 Nc6 6. Nc3 Bb4 7. Bd2 Nxe5 8. 0-0-0 Nf6 9. Nb5 Bd6 10. Nxd6+ cxd6 11. Bc3 Neg4 12. Nh3 1-0